000 01037nam a2200265Ia 4500
003 OSt
005 20220923211305.0
006 a|||||r|||| 00| 0
007 ta
008 220922b |||||||| |||| 00| 0 hin d
020 _a9788179652077 (hbk)
_c350
024 _a289,900
037 _b384, 16/03/2016, Eastern Book Linkers
_cTextual
040 _aARTS
_cARTS
_bhin
041 _2hin
_ahin
082 _a2N7, 152Q1
100 _aहरिमोहन
_9156280
245 0 _aसूचना प्रौद्योगिकी कम्प्यूटर और अनुसंधान
246 _aSūchanā praudyogikī kampyūṭar aur anusandhāna
260 _aनई दिल्ली
_b तक्षशिला प्रकाशन
_c2011
300 _a167पृ.
_ccm.
650 _aपुस्तकालय-सूचना प्रौद्योगिकी
_9158639
942 _h2N7, 152Q1
_cTEXL
_2CC
999 _c298178
_d298178